Normal view
MARC view
- Male dancer
Entry Topical Term
001 - CONTROL NUMBER
- control field: 33160
003 - CONTROL NUMBER IDENTIFIER
- control field: OSt
005 - DATE AND TIME OF LATEST TRANSACTION
- control field: 20181212105151.0
008 - FIXED-LENGTH DATA ELEMENTS
- fixed length control field: 181212|| aca||aabn | a|a d
040 ## - CATALOGING SOURCE
- Original cataloging agency: OSt
- Transcribing agency: OSt
150 ## - HEADING--TOPICAL TERM
- Topical term or geographic name entry element: Male dancer
670 ## - SOURCE DATA FOUND
- Source citation: Work cat.: (OSt): Zar, Rachel 33158, A man's world:, cMar 2016 - Aug 2016.
